00667nam a22001937a 450000500170000001000150001702000260003203500130005803700130007108200110008410000700009524501290016526000320029427000560032630000640038265000090044665000060045565000120046120241024153444.0 aHIN-125655 c550.00a9789355323651 aHN-98001 bDBAD/PUB a954.21 aभदौरिया, जितेन्द्र सिंह  aमध्य प्रदेश: एक परिचय /cजितेन्द्र सिंह भदौरिया bMcGraw Hillc2023 aChennai a5/90 A Butt Road st. Thomas Mount bChennaie600016 a600 approx. पृ.c23 सेमी(अजिल्द )  x z  v  aFiction